Doctor Benedict /

Guardat en:
Dades bibliogràfiques
Autor principal: Dingwell, Joyce
Format: Llibre
Idioma:English
Publicat: Winnipeg : Harlequin Books, 1962.
Edició:Harlequin ed.
Col·lecció:Harlequin romance ; 691
LEADER 00863nam a2200241 a 4500
001 c000261777
003 CARM
005 20070531103526.0
008 070531s1962 xxc 000 1 eng d
019 1 |a 50070915  |5 LACONCORD2021 
035 |a (OCoLC)45185182  |5 LACONCORD2021 
040 |a VCAV  |b eng  |c VCAV 
100 1 |a Dingwell, Joyce. 
240 1 0 |a If love you hold 
245 1 0 |a Doctor Benedict /  |c by Joyce Dingwell. 
250 |a Harlequin ed. 
260 |a Winnipeg :  |b Harlequin Books,  |c 1962. 
300 |a 223 p. 
440 0 |a Harlequin romance ;  |v 691 
500 |a Originally published under the title "If love you hold". 
852 8 |b CARM  |h A1:AO17A0  |i A04331  |p 0378647  |f BK 
999 f f |i 24f3475c-8f59-5048-a705-cfa7300ffd4b  |s 6753bf2c-87f2-5189-af5f-272bccf22cb5 
952 f f |p Can circulate  |a CAVAL  |b CAVAL  |c CAVAL  |d CARM 1 Store  |e A04331  |f A1:AO17A0  |h Other scheme  |i book  |m 0378647